| 000 | 00488nam a2200205Ia 4500 | ||
|---|---|---|---|
| 008 | 160819s9999 xx 000 0 und d | ||
| 020 | _a978-0-385-73795-1 | ||
| 050 | _aFIC D26m | ||
| 050 | _b2009 | ||
| 100 | _aDashner, James. | ||
| 245 | 4 | _aThe Maze runner / | |
| 245 | _cJames Dashner. | ||
| 260 | _aNew York : | ||
| 260 | _bDelacorte Press, | ||
| 260 | _c2009 | ||
| 300 | _a375 pages : | ||
| 300 | _c21 cm. | ||
| 650 | _aSurvival -- Fction. | ||
| 650 | _xScience fiction. | ||
| 999 |
_c300630 _d300630 |
||